[Event "CAMPEONATO PANAMERICANO DE AJEDREZ"]
[Site "Hotel oro Verde, Guayaquil - Ecuador"]
[Date "2018.06.21"]
[Round "5"]
[Board "6"]
[White "Ortiz Verdesoto, Anahi"]
[Black "Gomez Barrera, Javiera Belen"]
[Result "0-1"]
[WhiteElo "1974"]
[BlackElo "2129"]
[PlyCount "94"]
[EventDate "2018.06.19"]
[EventRounds "9"]
[EventCountry "ECU"]

1. d4 Nf6 2. c4 g6 3. Nc3 Bg7 4. e4 d6 5. Nf3 O-O 6. Be2 e5 7. d5 Nh5 8. O-O
Nf4 9. a3 a5 10. Rb1 Nxe2+ 11. Qxe2 a4 12. Qc2 Bd7 13. Ne1 f5 14. exf5 Bxf5 15.
Ne4 Nd7 16. f3 Nc5 17. Be3 b6 18. Rf2 Rf7 19. g3 Qf8 20. Ng2 Bh6 21. Bxc5 bxc5
22. Rbf1 Qe7 23. Qd1 Bd7 24. Nc3 Qe8 25. Re1 Rb8 26. Ree2 Rb3 27. Qf1 Qf8 28.
Re1 Qb8 29. Qe2 Qf8 30. Ref1 Qb8 31. h4 Bg7 32. Ne4 h6 33. Nc3 Qf8 34. g4 Qe7
35. Qc2 e4 36. Re1 Bd4 37. Rxe4 Bxf2+ 38. Kxf2 Qd8 39. Rf4 Rg7 40. Ne4 Rb8 41.
Qc3 Qe7 42. Nf6+ Kh8 43. Re4 Qf7 44. Nf4 Rb3 45. Qa5 Qxf6 46. Kg3 g5 47. Qxc7
gxf4+  0-1

[Event "CAMPEONATO PANAMERICANO DE AJEDREZ"]
[Site "Hotel oro Verde, Guayaquil - Ecuador"]
[Date "2018.06.21"]
[Round "5"]
[Board "7"]
[White "Matu Carballo, Magdalena"]
[Black "Cosme Contreras, Trilce"]
[Result "0-1"]
[WhiteElo "1858"]
[BlackElo "2007"]
[PlyCount "80"]
[EventDate "2018.06.19"]
[EventRounds "9"]
[EventCountry "ECU"]

1. e4 c5 2. d4 cxd4 3. c3 dxc3 4. Nxc3 Nc6 5. Nf3 d6 6. Bc4 e6 7. O-O Be7 8.
Qe2 Nf6 9. Rd1 Nd7 10. Bf4 e5 11. Be3 O-O 12. Nb5 Nb6 13. Bc5 Bg4 14. Bb3 a6
15. Nxd6 Bxd6 16. Rxd6 Qc7 17. Qe3 Bxf3 18. gxf3 Nd7 19. Rxc6 Qxc6 20. Bxf8
Nxf8 21. Rc1 Qd6 22. Bd5 Ng6 23. Qb3 Rf8 24. Qxb7 Qf6 25. Rc3 h5 26. Rc6 Qg5+
27. Kf1 Nf4 28. Bxf7+ Kh7 29. Rc7 Qg2+ 30. Ke1 Qg1+ 31. Kd2 Qxf2+ 32. Kc3 Qxf3+
33. Kb4 Qg4 34. Ka3 h4 35. b3 h3 36. Qb4 Rc8 37. Re7 Qg5 38. Qd6 Nd3 39. Qd7
Qc1+ 40. Ka4 Nc5+  0-1

[Event "CAMPEONATO PANAMERICANO DE AJEDREZ"]
[Site "Hotel oro Verde, Guayaquil - Ecuador"]
[Date "2018.06.21"]
[Round "5"]
[Board "8"]
[White "Romero, Antonella"]
[Black "Pacheco Jimenez, Yesenia"]
[Result "1-0"]
[WhiteElo "1900"]
[BlackElo "1576"]
[PlyCount "117"]
[EventDate "2018.06.19"]
[EventRounds "9"]
[EventCountry "ECU"]

1. d4 Nf6 2. c4 g6 3. Nc3 Bg7 4. e4 d6 5. Nf3 O-O 6. Be2 e5 7. O-O Nc6 8. d5
Ne7 9. Ne1 Ne8 10. Be3 f5 11. f3 Nf6 12. Nd3 f4 13. Bf2 g5 14. c5 h5 15. Qb3
Ng6 16. Rac1 h4 17. cxd6 cxd6 18. h3 Nh5 19. Rc2 Ng3 20. Rfc1 a6 21. Bd1 b5 22.
Nb4 Kh7 23. Nc6 Qd7 24. a4 Bb7 25. axb5 axb5 26. Nxb5 Ba6 27. Nc3 Bd3 28. Rd2
Ba6 29. Na4 Rae8 30. Nb6 Qb7 31. Qa3 Rf6 32. Ra1 Bb5 33. Qa5 Bf1 34. Bc2 Bxg2
35. Kxg2 Ne7 36. Ba4 Nc8 37. Nc4 Ref8 38. b4 Qf7 39. Nd8 Qg6 40. Ne6 Rxe6 41.
dxe6 Qxe6 42. Qd5 Qg6 43. Bc2 Rf6 44. b5 Ne7 45. Qd3 g4 46. hxg4 h3+ 47. Kh2
Qg5 48. Rg1 Rh6 49. Nxd6 Rg6 50. Nf5 Nexf5 51. exf5 Rf6 52. Bxg3 fxg3+ 53. Rxg3
Qf4 54. Rd1 Bh6 55. Qe4 Bg5 56. Rd7+ Kh6 57. Qb7 Qxg3+ 58. Kxg3 Bf4+ 59. Kxh3
 1-0

[Event "CAMPEONATO PANAMERICANO DE AJEDREZ"]
[Site "Hotel oro Verde, Guayaquil - Ecuador"]
[Date "2018.06.21"]
[Round "5"]
[Board "9"]
[White "Nunez Giler, Fanny"]
[Black "Santacruz Gonzalez, Natalia"]
[Result "0-1"]
[WhiteElo "1578"]
[BlackElo "1487"]
[PlyCount "64"]
[EventDate "2018.06.19"]
[EventRounds "9"]
[EventCountry "ECU"]

1. e4 e5 2. f4 d5 3. exd5 exf4 4. Nf3 Bd6 5. d4 Nf6 (5... c6 6. Nc3 Nf6 7. Qe2+
Kf8 8. Ne5 g5 9. h4 Nxd5 10. Nxd5 cxd5 11. Qh5 Qe7 12. Qh6+ Ke8 13. Qg7 Bxe5
14. dxe5 Rf8 15. Qxg5 Qb4+ 16. c3 Qe4+ 17. Be2 Nc6 18. Bxf4 Ne7 19. Kf2) 6. c4
O-O 7. Be2 Re8 8. O-O c5 9. dxc6 Nxc6 10. Nc3 a6 11. c5 Bc7 12. d5 Na7 13. b4
Ne4 14. Nxe4 Rxe4 15. a3 Qf6 16. Rb1 Bg4 17. d6 Bd8 18. Bd3 Re8 19. Re1 Rxe1+
20. Qxe1 Be6 21. Qe4 Qg6 22. Qxb7 Qxd3 23. Qxa8 Qd1+ 24. Kf2 h6 25. Qxd8+ Kh7
26. Nd2 Nb5 27. d7 Nc3 28. Qg8+ Kg6 29. d8=Q Qe2+ 30. Kg1 Qe1+ 31. Nf1 Ne2+ 32.
Kh1 Qxf1#  0-1

[Event "CAMPEONATO PANAMERICANO DE AJEDREZ"]
[Site "Hotel oro Verde, Guayaquil - Ecuador"]
[Date "2018.06.21"]
[Round "5"]
[Board "10"]
[White "Quintana Chanduvi, Daniela Sofia"]
[Black "Quezada Pauker, Katheen Gabriela"]
[Result "0-1"]
[WhiteElo "1343"]
[BlackElo "1482"]
[PlyCount "80"]
[EventDate "2018.06.19"]
[EventRounds "9"]
[EventCountry "ECU"]

1. e4 c5 2. Nf3 g6 3. Nc3 Bg7 4. Bc4 Nc6 5. e5 Nxe5 6. Nxe5 Bxe5 7. Qf3 e6 8.
Bb5 a6 9. Ba4 Ne7 10. d3 O-O 11. Bh6 Bg7 12. Bxg7 Kxg7 13. Ne4 Nf5 14. Nxc5
Qa5+ 15. c3 Qxc5 16. O-O Qc7 17. d4 Rb8 18. Rfe1 b5 19. Bc2 Bb7 20. Qe2 b4 21.
Bxf5 exf5 22. cxb4 Rfe8 23. Qd2 Rbc8 24. Rxe8 Rxe8 25. Rc1 Qd6 26. a3 Re4 27.
Qc3 Qxd4 28. Rd1 Qxc3 29. bxc3 Bc6 30. h3 Re2 31. c4 Rc2 32. c5 Rc3 33. Ra1 Kf6
34. Kf1 Ke5 35. g3 Kd4 36. Ke2 Rc2+ 37. Ke1 Kc4 38. Rd1 Kb3 39. Rd3+ Rc3 40.
Rxc3+ Kxc3  0-1

[Event "CAMPEONATO PANAMERICANO DE AJEDREZ"]
[Site "Hotel oro Verde, Guayaquil - Ecuador"]
[Date "2018.06.22"]
[Round "6"]
[Board "1"]
[White "Vittal, Sanjana"]
[Black "Cervantes Landeiro, Thalia"]
[Result "0-1"]
[WhiteElo "1945"]
[BlackElo "2087"]
[PlyCount "96"]
[EventDate "2018.06.19"]
[EventRounds "9"]
[EventCountry "ECU"]

1. e4 e5 2. Bc4 Nc6 3. Nc3 Bc5 4. Qg4 g6 5. Qg3 d6 6. Nge2 Be6 7. Bb3 a6 8. d3
Qd7 9. O-O O-O-O 10. Be3 Nd4 11. Bxd4 exd4 12. Nb1 h5 13. Bxe6 Qxe6 14. f3 Ne7
15. Qe1 f5 16. b4 Bb6 17. Nd2 d5 18. Nf4 Qe5 19. Nxd5 Nxd5 20. exd5 Qxd5 21.
Nc4 Rhe8 22. Qg3 Re2 23. Rfe1 Rxc2 24. Nxb6+ cxb6 25. Qxg6 Kb8 26. Re8 Rxe8 27.
Qxe8+ Ka7 28. b5 Qxb5 29. Qxb5 axb5 30. Rb1 Rxa2 31. Rxb5 Ra5 32. Rb4 Rd5 33.
h4 Ka6 34. Kf2 Ka5 35. Rb1 b5 36. g4 fxg4 37. fxg4 hxg4 38. Kg3 b4 39. Ra1+ Kb5
40. Kxg4 b3 41. h5 Kb4 42. h6 b2 43. Rg1 Rd8 44. Kf5 Ka3 45. h7 Rh8 46. Ke4
Rxh7 47. Kxd4 Rc7 48. Kd5 Rc1  0-1

[Event "CAMPEONATO PANAMERICANO DE AJEDREZ"]
[Site "Hotel oro Verde, Guayaquil - Ecuador"]
[Date "2018.06.22"]
[Round "6"]
[Board "2"]
[White "Puppi Lazo, Stephanie Beatriz"]
[Black "Mostacero Velarde, Isabella"]
[Result "0-1"]
[WhiteElo "1832"]
[BlackElo "1827"]
[PlyCount "152"]
[EventDate "2018.06.19"]
[EventRounds "9"]
[EventCountry "ECU"]

1. e4 c5 2. Nf3 e6 3. Nc3 a6 4. Be2 d5 5. exd5 exd5 6. d4 Nf6 7. O-O cxd4 8.
Nxd4 Nc6 9. Re1 Be7 10. Bf3 O-O 11. Be3 Re8 12. Nxc6 bxc6 13. Na4 Bf5 14. Rc1
Rb8 15. a3 c5 16. Bxc5 Bxc5 17. Rxe8+ Qxe8 18. Nxc5 Rxb2 19. Nd3 Ra2 20. Nb4
Rxa3 21. Nxd5 Nxd5 22. Bxd5 Rc3 23. Qe1 Qxe1+ 24. Rxe1 Kf8 25. h3 Rxc2 26. Ra1
Rc5 27. Bb3 Bd3 28. Kh2 Rc3 29. Bd5 Rc5 30. Bf3 a5 31. Ra3 Bc2 32. Ra1 a4 33.
Rc1 a3 34. Bd1 a2 35. Ra1 Bxd1 36. Rxa2 Rc2 37. Ra1 Bh5 38. Kg3 g5 39. Ra5 h6
40. h4 f6 41. hxg5 hxg5 42. f4 Rc3+ 43. Kf2 Bg4 44. fxg5 f5 45. Ra7 Rc2+ 46.
Kg3 Re2 47. Kf4 Re4+ 48. Kg3 Re7 49. Ra6 Kf7 50. g6+ Kg7 51. Kh4 Kh6 52. g7+
Kxg7 53. Kg5 Kf8 54. Kf6 Rf7+ 55. Kg6 Rg7+ 56. Kf6 Kg8 57. Ra1 Rb7 58. Ra6 Kh7
59. Kg5 Rg7+ 60. Kf4 Rg6 61. Ra7+ Kh6 62. Ra1 Re6 63. Ra4 Kh5 64. Rb4 Kh4 65.
Ra4 Re2 66. g3+ Kh5 67. Rb4 Rf2+ 68. Ke5 Kg5 69. Rb3 Rf3 70. Rb8 Re3+ 71. Kd4
Rxg3 72. Rg8+ Kf4 73. Ra8 Rg1 74. Kd3 Rd1+ 75. Kc2 Rd5 76. Re8 Kf3  0-1

[Event "CAMPEONATO PANAMERICANO DE AJEDREZ"]
[Site "Hotel oro Verde, Guayaquil - Ecuador"]
[Date "2018.06.22"]
[Round "6"]
[Board "3"]
[White "Librelato, Kathie Goulart"]
[Black "Caballero Quijano, Mitzy Mishell"]
[Result "1-0"]
[WhiteElo "2072"]
[BlackElo "2069"]
[PlyCount "61"]
[EventDate "2018.06.19"]
[EventRounds "9"]
[EventCountry "ECU"]

1. e4 e6 2. d4 d5 3. Nc3 Nf6 4. e5 Nfd7 5. f4 c5 6. Nf3 Nc6 7. Be3 a6 8. Qd2 b5
9. Ne2 cxd4 10. Nexd4 Bb7 11. Nxc6 Bxc6 12. Nd4 Qc7 13. Be2 Bb7 14. O-O Nc5 15.
Qe1 Be7 16. Rd1 O-O 17. f5 f6 18. exf6 Bxf6 19. fxe6 Rae8 20. Bg4 Na4 21. Qb4
Be7 22. Qb3 Qe5 23. Nf5 Bc5 24. Bxc5 Nxc5 25. Qb4 d4 26. e7 Rf6 27. Qxd4 Qc7
28. Qd8 Qc6 29. Bf3 Qc8 30. Qxe8+ Qxe8 31. Rd8  1-0

[Event "CAMPEONATO PANAMERICANO DE AJEDREZ"]
[Site "Hotel oro Verde, Guayaquil - Ecuador"]
[Date "2018.06.22"]
[Round "6"]
[Board "4"]
[White "Gomez Barrera, Javiera Belen"]
[Black "Lemus Pena, Macarena"]
[Result "1-0"]
[WhiteElo "2129"]
[BlackElo "1781"]
[PlyCount "123"]
[EventDate "2018.06.19"]
[EventRounds "9"]
[EventCountry "ECU"]

1. e4 c5 2. Nf3 d6 3. d4 cxd4 4. Nxd4 Nf6 5. Nc3 a6 6. Bg5 e6 7. f4 h6 8. Bh4
Be7 9. Qf3 Qc7 10. O-O-O Nbd7 11. Be2 O-O 12. g4 b5 13. a3 Bb7 14. Bxf6 Bxf6
15. h4 b4 16. axb4 Qb6 17. Qe3 Qxb4 18. g5 Bxd4 19. Qxd4 Qxd4 20. Rxd4 g6 21.
Rxd6 Nc5 22. Bf3 e5 23. fxe5 hxg5 24. h5 g4 25. Bxg4 Nxe4 26. Nxe4 Bxe4 27. Re1
Bb7 28. hxg6 fxg6 29. Rxg6+ Kh7 30. Rd6 Bc8 31. e6 Re8 32. Bh5 Re7 33. Bf7 Kg7
34. Rg1+ Kf6 35. Rg8 Rc7 36. Rdd8 Ke7 37. Rge8+ Kf6 38. Bh5 Rb8 39. Bg4 Rb4 40.
Rxc8 Rxc8 41. Rxc8 Rxg4 42. Rc6 a5 43. Ra6 Rg5 44. c3 Rd5 45. Kc2 Ke7 46. Kb3
Rb5+ 47. Ka3 Re5 48. b3 Rc5 49. c4 Re5 50. Ka4 Re3 51. Rb6 Re5 52. Rb5 Rxe6 53.
Kxa5 Kd7 54. Rb7+ Kc8 55. Rf7 Kb8 56. b4 Rg6 57. c5 Re6 58. b5 Re8 59. Kb6 Re6+
60. c6 Re8 61. Rb7+ Kc8 62. Ra7  1-0

[Event "CAMPEONATO PANAMERICANO DE AJEDREZ"]
[Site "Hotel oro Verde, Guayaquil - Ecuador"]
[Date "2018.06.22"]
[Round "6"]
[Board "5"]
[White "Cosme Contreras, Trilce"]
[Black "Ruiz, Mishell"]
[Result "1-0"]
[WhiteElo "2007"]
[BlackElo "1877"]
[PlyCount "59"]
[EventDate "2018.06.19"]
[EventRounds "9"]
[EventCountry "ECU"]

1. c4 g6 2. Nc3 Bg7 3. g3 c5 4. Bg2 Nc6 5. Rb1 Nf6 6. a3 d6 7. d3 O-O 8. e3 e6
9. Nge2 d5 10. O-O d4 11. Na4 Nd7 12. b4 cxb4 13. axb4 dxe3 14. Bxe3 Nb6 15.
Nb2 Nxb4 16. Bc5 Nc6 17. Bxf8 Qxf8 18. Na4 Nd7 19. d4 Qd6 20. c5 Qc7 21. Nac3
Nf6 22. Nb5 Qd7 23. Nd6 Rb8 24. Nf4 b6 25. d5 exd5 26. Nxd5 Ba6 27. Re1 Rd8 28.
Nxf6+ Bxf6 29. Qf3 bxc5 30. Qxf6  1-0

[Event "CAMPEONATO PANAMERICANO DE AJEDREZ"]
[Site "Hotel oro Verde, Guayaquil - Ecuador"]
[Date "2018.06.22"]
[Round "6"]
[Board "6"]
[White "Quezada Pauker, Katheen Gabriela"]
[Black "Romero, Antonella"]
[Result "0-1"]
[WhiteElo "1482"]
[BlackElo "1900"]
[PlyCount "95"]
[EventDate "2018.06.19"]
[EventRounds "9"]
[EventCountry "ECU"]

1. b3 Nf6 2. Bb2 d6 3. Bxf6 exf6 4. c4 Bf5 5. Nc3 Be7 6. g3 c6 7. Bg2 O-O 8.
Nf3 Na6 9. O-O Nc7 10. d3 Qd7 11. Re1 Bg4 12. a3 f5 13. b4 Bf6 14. Rc1 Ne6 15.
h3 Bh5 16. Qa4 Bg6 17. Nd5 Bd8 18. Ne3 f4 19. Nc2 f5 20. Kh2 fxg3+ 21. fxg3 f4
22. g4 Bb6 23. Rf1 Qe7 24. Qb3 Kh8 25. a4 Rae8 26. a5 Bc7 27. Rce1 h5 28. gxh5
Bxh5 29. Qc3 Ng5 30. Qd4 Bb8 31. Qf2 Nh7 32. Qh4 Qf7 33. Kh1 Bc7 34. Qf2 a6 35.
Rg1 Re6 36. Ncd4 Rh6 37. Nh4 g5 38. Nhf3 Qf6 39. Nd2 Be8 40. Ne4 Qg6 41. Bf1
Bd7 42. Qh2 g4 43. Nf2 g3 44. Qg2 Ng5 45. Nf3 gxf2 46. Qxg5 fxg1=Q+ 47. Qxg1
Qxg1+ 48. Nxg1  0-1

[Event "CAMPEONATO PANAMERICANO DE AJEDREZ"]
[Site "Hotel oro Verde, Guayaquil - Ecuador"]
[Date "2018.06.22"]
[Round "6"]
[Board "7"]
[White "Santacruz Gonzalez, Natalia"]
[Black "Ortiz Verdesoto, Anahi"]
[Result "0-1"]
[WhiteElo "1487"]
[BlackElo "1974"]
[PlyCount "74"]
[EventDate "2018.06.19"]
[EventRounds "9"]
[EventCountry "ECU"]

1. e4 e5 2. Nf3 d6 3. d4 exd4 4. Nxd4 Nf6 5. Bd3 Be7 6. O-O O-O 7. c3 Re8 8.
Bg5 Nxe4 9. Bxe7 Rxe7 10. Qf3 Nc5 11. Bc2 Nbd7 12. Nd2 Nf6 13. Nf5 Bxf5 14.
Bxf5 c6 15. b4 Ne6 16. Rfe1 Qc7 17. Rad1 Rae8 18. Kf1 d5 19. g3 Ng5 20. Qf4
Qxf4 21. gxf4 Nge4 22. Nxe4 Nxe4 23. Re3 g6 24. Bh3 f5 25. Rde1 Kf7 26. f3 Nxc3
27. Rxe7+ Rxe7 28. Rxe7+ Kxe7 29. a3 b5 30. Kf2 d4 31. Bf1 Nb1 32. Ke2 Kd6 33.
Kd3 Kd5 34. Be2 Nxa3 35. Bd1 Nc4 36. Bb3 c5 37. bxc5 Kxc5  0-1

[Event "CAMPEONATO PANAMERICANO DE AJEDREZ"]
[Site "Hotel oro Verde, Guayaquil - Ecuador"]
[Date "2018.06.22"]
[Round "6"]
[Board "8"]
[White "Penafiel Mendoza, Josselyne"]
[Black "Munoz Naichap, Valerine Nicole"]
[Result "1/2-1/2"]
[WhiteElo "1793"]
[BlackElo "1591"]
[PlyCount "43"]
[EventDate "2018.06.19"]
[EventRounds "9"]
[EventCountry "ECU"]

1. d4 c5 2. d5 d6 3. c4 b5 4. Qc2 bxc4 5. e4 g6 6. Bxc4 Bg7 7. f4 Nd7 8. Nf3
Nb6 9. Nbd2 Nf6 10. O-O O-O 11. Re1 Bb7 12. Rb1 Qc8 13. b3 a5 14. a4 Qg4 15.
Nf1 Qd7 16. Bb5 Qc8 17. Ne3 Qc7 18. Bc4 e6 19. Bb2 exd5 20. Bxf6 Bxf6 21. exd5
Rfe8 22. Ng4  1/2-1/2

[Event "CAMPEONATO PANAMERICANO DE AJEDREZ"]
[Site "Hotel oro Verde, Guayaquil - Ecuador"]
[Date "2018.06.22"]
[Round "6"]
[Board "9"]
[White "Jaramillo, Samantha"]
[Black "Matu Carballo, Magdalena"]
[Result "1/2-1/2"]
[WhiteElo "1699"]
[BlackElo "1858"]
[PlyCount "121"]
[EventDate "2018.06.19"]
[EventRounds "9"]
[EventCountry "ECU"]

1. d4 d5 2. Nf3 Nf6 3. g3 c6 4. Bg2 Bf5 5. O-O e6 6. c4 Be7 7. Nbd2 h6 8. b3
Nbd7 9. Bb2 Ne4 10. Ne1 O-O 11. Nxe4 Bxe4 12. f3 Bg6 13. Kh1 Nf6 14. Nd3 Qb6
15. c5 Qc7 16. Ne5 Bh7 17. Qd2 Nd7 18. Nxd7 Qxd7 19. Rac1 Bf6 20. Rcd1 Rfd8 21.
e4 Be7 22. Qe3 Re8 23. Ba1 Bg6 24. Rde1 Bf6 25. e5 Be7 26. f4 b6 27. b4 a5 28.
a3 axb4 29. axb4 Ra2 30. g4 Bh4 31. Re2 Rxe2 32. Qxe2 Ra8 33. cxb6 Bd8 34. b7
Qxb7 35. Bc3 Ra3 36. Qb2 Qa6 37. f5 Ra2 38. Qb1 Qe2 39. Rg1 exf5 40. gxf5 Bh5
41. Qf1 Bg5 42. Qxe2 Rxe2 43. Rb1 Rc2 44. Ba1 Be2 45. h3 Bf4 46. Re1 Kf8 47.
Rb1 Bd3 48. Rd1 Bxf5 49. Rf1 g5 50. b5 cxb5 51. Bxd5 Bxh3 52. Rb1 Rc1+ 53. Rxc1
Bxc1 54. Bc6 b4 55. Kh2 Bf5 56. Bd5 Be6 57. Be4 Ba2 58. Kh3 b3 59. Bd5 b2 60.
Bxb2 Bxb2 61. Bxa2  1/2-1/2

[Event "CAMPEONATO PANAMERICANO DE AJEDREZ"]
[Site "Hotel oro Verde, Guayaquil - Ecuador"]
[Date "2018.06.22"]
[Round "6"]
[Board "10"]
[White "Pacheco Jimenez, Yesenia"]
[Black "Ayala Rosero, Ariana Marcela"]
[Result "1-0"]
[WhiteElo "1576"]
[BlackElo "1584"]
[PlyCount "87"]
[EventDate "2018.06.19"]
[EventRounds "9"]
[EventCountry "ECU"]

1. d4 Nf6 2. Nf3 g6 3. g3 Bg7 4. Bg2 O-O 5. O-O d6 6. c4 Nbd7 7. Nc3 e5 8. dxe5
dxe5 9. e4 Qe7 10. Bg5 c6 11. Qc2 h6 12. Bd2 Nc5 13. b4 Ne6 14. Ne2 Nd7 15.
Rad1 Nd4 16. Qd3 c5 17. Nc3 Nb6 18. Nxd4 cxd4 19. Nd5 Nxd5 20. cxd5 Bd7 21. Rc1
Rac8 22. a3 Ba4 23. Rfe1 Qd7 24. h4 Rxc1 25. Rxc1 Rc8 26. Kh2 Rxc1 27. Bxc1 Qc7
28. Bd2 a6 29. Bh3 Bc2 30. Qe2 f5 31. f3 Kh7 32. h5 f4 33. hxg6+ Kxg6 34. Bf5+
Kf7 35. gxf4 Qe7 36. Kh3 exf4 37. Qc4 Qg5 38. Qc7+ Kg8 39. Bxf4 Qh5+ 40. Kg2
Bd1 41. Qd8+ Bf8 42. Be6+ Kg7 43. Qc7+ Kf6 44. e5+  1-0

[Event "CAMPEONATO PANAMERICANO DE AJEDREZ"]
[Site "Hotel oro Verde, Guayaquil - Ecuador"]
[Date "2018.06.23"]
[Round "7"]
[Board "1"]
[White "Mostacero Velarde, Isabella"]
[Black "Cervantes Landeiro, Thalia"]
[Result "0-1"]
[WhiteElo "1827"]
[BlackElo "2087"]
[PlyCount "100"]
[EventDate "2018.06.19"]
[EventRounds "9"]
[EventCountry "ECU"]

1. e4 e5 2. Nf3 Nc6 3. Bb5 Nf6 4. d3 Bc5 5. Bxc6 dxc6 6. h3 Nd7 7. Be3 Bd6 8.
Nc3 a5 9. Nd2 a4 10. Nc4 b5 11. Nxd6+ cxd6 12. O-O O-O 13. f4 exf4 14. Rxf4 Ne5
15. Qf1 Ng6 16. Rf2 Be6 17. a3 Qd7 18. d4 Bc4 19. Qd1 f5 20. b3 f4 21. bxc4
fxe3 22. Rxf8+ Rxf8 23. Qe2 Nf4 24. Qxe3 bxc4 25. Ne2 Nxe2+ 26. Qxe2 d5 27. e5
Qa7 28. Qg4 c5 29. Qe6+ Qf7 30. Qxf7+ Rxf7 31. e6 Rc7 32. dxc5 Rxc5 33. c3 Rc6
34. Re1 Kf8 35. e7+ Ke8 36. Re5 d4 37. Kf2 dxc3 38. Re3 c2 39. Rc3 Kxe7 40.
Rxc2 Kd6 41. Ke3 Kc5 42. Rf2 Rf6 43. Rb2 Rd6 44. Rb8 Rd3+ 45. Ke4 Rxa3 46. Rc8+
Kb4 47. Rb8+ Kc3 48. Rb7 Ra1 49. Rxg7 a3 50. Kd5 Rd1+  0-1

[Event "CAMPEONATO PANAMERICANO DE AJEDREZ"]
[Site "Hotel oro Verde, Guayaquil - Ecuador"]
[Date "2018.06.23"]
[Round "7"]
[Board "2"]
[White "Cosme Contreras, Trilce"]
[Black "Librelato, Kathie Goulart"]
[Result "1/2-1/2"]
[WhiteElo "2007"]
[BlackElo "2072"]
[PlyCount "188"]
[EventDate "2018.06.19"]
[EventRounds "9"]
[EventCountry "ECU"]

1. c4 Nf6 2. Nc3 g6 3. g3 Bg7 4. Bg2 O-O 5. d3 d6 6. Rb1 Nc6 7. e3 e5 8. Nge2
Be6 9. Nd5 Ne8 10. O-O Qd7 11. Re1 Nd8 12. b4 c6 13. Ndc3 Nc7 14. b5 cxb5 15.
cxb5 d5 16. d4 Bf5 17. Rb3 Nde6 18. a4 Rfd8 19. Ba3 Rac8 20. b6 axb6 21. Rxb6
Rb8 22. Rd6 Qe8 23. Nxd5 Nxd5 24. Rxd5 Rxd5 25. Bxd5 Qd7 26. dxe5 Rd8 27. Bd6
Bxe5 28. Bxe5 Qxd5 29. Qxd5 Rxd5 30. Bd4 Ng5 31. Rc1 Ra5 32. h4 Nf3+ 33. Kg2
Nxd4 34. Nxd4 Be4+ 35. f3 Bd3 36. Ra1 Bc4 37. Rb1 Rxa4 38. Rxb7 Ra2+ 39. Kh3 h5
40. g4 hxg4+ 41. Kxg4 Rg2+ 42. Kf4 Kg7 43. Rc7 Ba2 44. Rc2 Rxc2 45. Nxc2 Kh6
46. Kg4 Be6+ 47. Kg3 g5 48. Nd4 gxh4+ 49. Kxh4 Ba2 50. f4 Bb1 51. Kg4 Kg6 52.
f5+ Kg7 53. Kf4 f6 54. e4 Kf7 55. Ne2 Bc2 56. Ke3 Ke7 57. Kd4 Kf7 58. Kd5 Ke7
59. Nd4 Bb1 60. Nc6+ Kf7 61. Nb4 Ke7 62. Kd4 Kf7 63. Ke3 Ke7 64. Nc6+ Kf7 65.
Nb4 Ke7 66. Nd5+ Kf7 67. Nc3 Bc2 68. Kd2 Bb3 69. Nd5 Ba2 70. Kc2 Bc4 71. Kc3
Be2 72. Nf4 Bd1 73. Ne6 Ke7 74. Nd4 Kf7 75. Nc2 Ke7 76. Kd2 Bf3 77. Ke3 Bd1 78.
Nd4 Ba4 79. Kf4 Kd6 80. Ne2 Bc2 81. Nc3 Ke7 82. Ke3 Kd6 83. Kd4 Ke7 84. Kc5 Kf7
85. Kd6 Bd3 86. Kd5 Bc2 87. Kd4 Ke7 88. Ke3 Kd6 89. Kf4 Ke7 90. Nd5+ Kf7 91.
Nxf6 Kxf6 92. e5+ Kf7 93. f6 Ke6 94. Kg5 Bb3  1/2-1/2

[Event "CAMPEONATO PANAMERICANO DE AJEDREZ"]
[Site "Hotel oro Verde, Guayaquil - Ecuador"]
[Date "2018.06.23"]
[Round "7"]
[Board "3"]
[White "Romero, Antonella"]
[Black "Gomez Barrera, Javiera Belen"]
[Result "0-1"]
[WhiteElo "1900"]
[BlackElo "2129"]
[PlyCount "60"]
[EventDate "2018.06.19"]
[EventRounds "9"]
[EventCountry "ECU"]

1. d4 Nf6 2. c4 g6 3. Nc3 Bg7 4. e4 d6 5. Nf3 O-O 6. Be2 e5 7. O-O Na6 8. Re1
Qe8 9. Bg5 exd4 10. Nd5 Nxd5 11. exd5 h6 12. Bd3 Qd7 13. Bh4 g5 14. Bg3 Nc5 15.
Bf1 d3 16. Rb1 a5 17. h4 Qf5 18. hxg5 hxg5 19. Re7 Bd7 20. Ne1 Qf6 21. Re3 Qg6
22. Nxd3 Bf5 23. Rc1 Bd4 24. Rf3 Bg4 25. Nxc5 Bxc5 26. Be2 Bxf3 27. Bxf3 Kg7
28. Qc2 Qxc2 29. Rxc2 Rae8 30. Kf1 Rh8  0-1

[Event "CAMPEONATO PANAMERICANO DE AJEDREZ"]
[Site "Hotel oro Verde, Guayaquil - Ecuador"]
[Date "2018.06.23"]
[Round "7"]
[Board "4"]
[White "Vittal, Sanjana"]
[Black "Puppi Lazo, Stephanie Beatriz"]
[Result "1-0"]
[WhiteElo "1945"]
[BlackElo "1832"]
[PlyCount "75"]
[EventDate "2018.06.19"]
[EventRounds "9"]
[EventCountry "ECU"]

1. e4 c5 2. Nc3 d6 3. f4 g6 4. Nf3 Bg7 5. Bb5+ Bd7 6. Bc4 Nc6 7. O-O Na5 8. d3
e6 9. a4 Nxc4 10. dxc4 Ne7 11. Qxd6 Qb6 12. Qd3 Rd8 13. Qe2 O-O 14. a5 Qc7 15.
Be3 b6 16. axb6 axb6 17. Rfd1 Bc6 18. e5 Qb7 19. Ne1 Nf5 20. Rd3 Be4 21. Rxd8
Rxd8 22. Nb5 h5 23. Ra7 Qc6 24. Bf2 h4 25. Nc3 Nd4 26. Qxe4 Qxe4 27. Nxe4 Ne2+
28. Kf1 Nxf4 29. Bxh4 Rb8 30. Nf6+ Kh8 31. Bg5 Nh5 32. Nxh5 gxh5 33. Bf6 Kg8
34. Bxg7 Kxg7 35. Nd3 Kg6 36. Ke2 f6 37. Re7 Kf5 38. Rf7  1-0

[Event "CAMPEONATO PANAMERICANO DE AJEDREZ"]
[Site "Hotel oro Verde, Guayaquil - Ecuador"]
[Date "2018.06.23"]
[Round "7"]
[Board "5"]
[White "Caballero Quijano, Mitzy Mishell"]
[Black "Ortiz Verdesoto, Anahi"]
[Result "1-0"]
[WhiteElo "2069"]
[BlackElo "1974"]
[PlyCount "73"]
[EventDate "2018.06.19"]
[EventRounds "9"]
[EventCountry "ECU"]

1. d4 Nf6 2. Nf3 e6 3. g3 b6 4. Bg2 Bb7 5. c4 Be7 6. O-O O-O 7. Nc3 c5 8. d5
exd5 9. cxd5 d6 10. e4 Re8 11. e5 dxe5 12. Nxe5 Ba6 13. Re1 Bd6 14. Nc6 Rxe1+
15. Qxe1 Qc7 16. Bg5 Nbd7 17. a4 Ng4 18. Ne4 Re8 19. Nxd6 Rxe1+ 20. Rxe1 Ndf6
21. Nf5 Qd7 22. h3 h6 23. Nfe7+ Kh7 24. Bf4 Bc4 25. hxg4 Bb3 26. g5 hxg5 27.
Bxg5 Nh5 28. Ne5 Qxa4 29. Nxf7 Bc2 30. d6 Qb4 31. Rc1 Ba4 32. Nc6 Bxc6 33. Bxc6
Nxg3 34. fxg3 Qd4+ 35. Kh1 Qg4 36. Bh4 g5 37. Nxg5+  1-0

[Event "CAMPEONATO PANAMERICANO DE AJEDREZ"]
[Site "Hotel oro Verde, Guayaquil - Ecuador"]
[Date "2018.06.23"]
[Round "7"]
[Board "6"]
[White "Ruiz, Mishell"]
[Black "Jaramillo, Samantha"]
[Result "1/2-1/2"]
[WhiteElo "1877"]
[BlackElo "1699"]
[PlyCount "120"]
[EventDate "2018.06.19"]
[EventRounds "9"]
[EventCountry "ECU"]

1. e4 c5 2. Bc4 d6 3. Nc3 Nc6 4. Nge2 g6 5. d3 Bg7 6. Bf4 e6 7. Qd2 a6 8. a4
Nge7 9. Bh6 O-O 10. Bxg7 Kxg7 11. O-O Rb8 12. Nd1 d5 13. exd5 exd5 14. Ba2 b6
15. d4 c4 16. b4 b5 17. a5 Nf5 18. c3 Nd6 19. Bb1 Qe7 20. Nf4 Ne4 21. Bxe4 dxe4
22. d5 Ne5 23. Qd4 Qg5 24. Qxe4 Re8 25. Qd4 Kg8 26. f3 Bf5 27. Ne3 Bd3 28. Nxd3
Nxd3 29. Ng4 Ne5 30. f4 Qxg4 31. fxe5 Qxd4+ 32. cxd4 Rbc8 33. Rf6 Red8 34. Rxa6
Rxd5 35. Rd6 Rxd6 36. exd6 Kf8 37. a6 Ke8 38. a7 Ra8 39. Ra5 Kd7 40. Rxb5 Rxa7
41. Rc5 Kxd6 42. Rxc4 Kd5 43. Rc8 Kxd4 44. Rb8 Ke3 45. Re8+ Kd4 46. Rd8+ Ke3
47. Re8+ Kd4 48. Kf2 Rb7 49. Rf8 f5 50. Rh8 Ke4 51. Kg3 Rxb4 52. Rxh7 Ke5 53.
Ra7 g5 54. Ra5+ Ke4 55. Ra3 Rc4 56. h3 Rb4 57. Rf3 Rb8 58. Ra3 Rb4 59. Rc3 Ra4
60. Rb3 Rc4  1/2-1/2